1856 1122 1684 1320 1598 1747 1631 1392 1836 1643 1575 1691 1652 1320 1634 1960 1962 1499 1513 1143 1203 1163 1847 1052 1875 1272 1147 1572 1320 1195 1668 1445 1236 1275 1764 1860 1308 1803 1577 1838 1550 1902 1071 1496 1364 1347 1846 1663 1738 1832 1357 1469 1713 1821 1127 1742 1767 1373 1116 1231 1560 1514 1371 1488 1115 1610 1010 1137 1351 1012 1615 1154 1398 1220 1397 1996 1030 1363 1686 1510 1171 1272 1199 1905 1367 1028 1672 1364 1712 1584 1036 1066 1087 1468 1281 1574 1097 1634 1256 BCNSPRNW ULIB Ver.6.0+V

เปลี่ยนเป็นภาษาไทย

Change to English
 แสดงรายละเอียดบรรณานุกรม
  กลับหน้าหลัก

Brief Record : Get Marc (ISO 2709) : E-mail record : QR code < ปิดหน้าต่าง
LEADER : 00000nam 2200000uu 4500
001    13399122226
003     ULIB
008    130114s||||||||th 000 0 tha d
020    ^a9786161111427
060  4 ^aWY159^bว654ก
100 0  ^aวิภารัตน์ สุวรรณไวพัฒนะ
245 10 ^aการพยาบาลเด็กป่วยโรคเรื้อรังโดยใช้ครอบครัวเป็นศูนย์กลาง =^bFamily-centered care of children with chronic illness /^cวิภารัตน์ สุวรรณไวพัฒนะ
246 31 ^aFamily-centered care of children with chronic illness
250    ^aพิมพ์ครั้งที่ 1
260    ^aนนทบุรี :^bโครงการสวัสดิการวิชาการ สถาบันพระบรมราชชนกกระทรวงสาธารณสุข,^c2555
300    ^a95 หน้า :^bภาพประกอบ
650  7 ^aเด็ก^xการดูแล
650  7 ^aการพยาบาลกุมาเวชศาสตร์
710 2  ^aสถาบันพระบรมราชชนก.^bโครงการสวัสดิการวิชาการ
945    ^p0^l0^i19694
945    ^p0^l0^i19695
945    ^p0^l0^i19696
995    ^aกัณชพร
999    ^aใช้งานได้ทุกระบบ
รายการนี้ยังไม่มีแท็ก
คุณยังไม่ได้ล็อกอิน คุณสามารถมีกิจกรรมร่วมกับเว็บไซต์ได้ แต่ต้องล็อกอินก่อน ::
  ล็อกอิน

รายการสื่อสารสนเทศ

ลำดับที่ ประเภท เลขเรียก/บาร์โค้ด สถานที่ สถานะ
1. Book การพยาบาล
Book การพยาบาล
สถานะ=หนังสือเก่า
WY159 ว654ก  
  Barcode: 19694
ห้องสมุดวิทยาเขตนครสวรรค์
►ส่วนจัดเก็บหนังสือเก่า นว.
บนชั้น
  ขอยืม
2. Book การพยาบาล
Book การพยาบาล
สถานะ=หนังสือเก่า
WY159 ว654ก ฉ.2 
  Barcode: 19695
ห้องสมุดวิทยาเขตนครสวรรค์
►ส่วนจัดเก็บหนังสือเก่า นว.
บนชั้น
  ขอยืม
3. Book การพยาบาล
Book การพยาบาล
สถานะ=หนังสือเก่า
WY159 ว654ก ฉ.3 
  Barcode: 19696
ห้องสมุดวิทยาเขตนครสวรรค์
►ส่วนจัดเก็บหนังสือเก่า นว.
บนชั้น
  ขอยืม

รายการใกล้เคียง
    ผู้แต่ง [วิภารัตน์ สุวรรณไวพัฒนะ]

    หัวเรื่อง [เด็ก การดูแล]
    หัวเรื่อง [การพยาบาลกุมาเวชศาสตร์]

BibComment


ยังไม่เคยถูกคอมเมนท์

คอมเมนท์ทรัพยากรรายการนี้
  คอมเมนท์: การพยาบาลเด็กป่ว..


 Copyright 2026. Bcnsprnw @Library